<?xml version="1.0" encoding="UTF-8"?><?xml-stylesheet type="text/xsl" href="static/style.xsl"?><OAI-PMH xmlns="http://www.openarchives.org/OAI/2.0/" xmlns:xsi="http://www.w3.org/2001/XMLSchema-instance" xsi:schemaLocation="http://www.openarchives.org/OAI/2.0/ http://www.openarchives.org/OAI/2.0/OAI-PMH.xsd"><responseDate>2026-04-27T21:28:25Z</responseDate><request verb="GetRecord" identifier="oai:uvadoc.uva.es:10324/48633" metadataPrefix="marc">https://uvadoc.uva.es/oai/request</request><GetRecord><record><header><identifier>oai:uvadoc.uva.es:10324/48633</identifier><datestamp>2025-01-21T10:59:38Z</datestamp><setSpec>com_10324_43510</setSpec><setSpec>com_10324_954</setSpec><setSpec>com_10324_894</setSpec><setSpec>col_10324_43513</setSpec></header><metadata><record xmlns="http://www.loc.gov/MARC21/slim" xmlns:doc="http://www.lyncode.com/xoai" xmlns:xsi="http://www.w3.org/2001/XMLSchema-instance" xmlns:dcterms="http://purl.org/dc/terms/" xsi:schemaLocation="http://www.loc.gov/MARC21/slim http://www.loc.gov/standards/marcxml/schema/MARC21slim.xsd">
<leader>00925njm 22002777a 4500</leader>
<datafield tag="042" ind1=" " ind2=" ">
<subfield code="a">dc</subfield>
</datafield>
<datafield tag="720" ind1=" " ind2=" ">
<subfield code="a">Vinuesa Sanz, Guillermo</subfield>
<subfield code="e">author</subfield>
</datafield>
<datafield tag="720" ind1=" " ind2=" ">
<subfield code="a">González Ossorio, Óscar</subfield>
<subfield code="e">author</subfield>
</datafield>
<datafield tag="720" ind1=" " ind2=" ">
<subfield code="a">García García, Héctor</subfield>
<subfield code="e">author</subfield>
</datafield>
<datafield tag="720" ind1=" " ind2=" ">
<subfield code="a">Sahelices Fernández, Benjamín</subfield>
<subfield code="e">author</subfield>
</datafield>
<datafield tag="720" ind1=" " ind2=" ">
<subfield code="a">Castán Lanaspa, María Helena</subfield>
<subfield code="e">author</subfield>
</datafield>
<datafield tag="720" ind1=" " ind2=" ">
<subfield code="a">Dueñas Carazo, Salvador</subfield>
<subfield code="e">author</subfield>
</datafield>
<datafield tag="720" ind1=" " ind2=" ">
<subfield code="a">Kukli, Kaupo</subfield>
<subfield code="e">author</subfield>
</datafield>
<datafield tag="720" ind1=" " ind2=" ">
<subfield code="a">Kull, M</subfield>
<subfield code="e">author</subfield>
</datafield>
<datafield tag="720" ind1=" " ind2=" ">
<subfield code="a">Tarre, Aivar</subfield>
<subfield code="e">author</subfield>
</datafield>
<datafield tag="720" ind1=" " ind2=" ">
<subfield code="a">Jõgiaas, Taivo</subfield>
<subfield code="e">author</subfield>
</datafield>
<datafield tag="720" ind1=" " ind2=" ">
<subfield code="a">Tamm, Aile</subfield>
<subfield code="e">author</subfield>
</datafield>
<datafield tag="720" ind1=" " ind2=" ">
<subfield code="a">Kasikov, Aarne</subfield>
<subfield code="e">author</subfield>
</datafield>
<datafield tag="260" ind1=" " ind2=" ">
<subfield code="c">2021</subfield>
</datafield>
<datafield tag="520" ind1=" " ind2=" ">
<subfield code="a">Resistive switching random access memories are being thoroughly studied as prospective non-volatile memories. In this paper, we report electrical characterization of HfO2:Al2O3based metal-insulator–metal structures devised using atomic layer deposition. Dependences of electrical behavior on HfO2:Al2O3 cycle ratio is studied. An explanation for the differences between the Resistive Switching properties of the samples is proposed, based on the distribution of HfAlOx layers of the sample. Dependence of the RS properties of the samples on their growth temperature is discussed.</subfield>
</datafield>
<datafield tag="024" ind2=" " ind1="8">
<subfield code="a">Solid-State Electronics, 2021, vol. 183, p.108085</subfield>
</datafield>
<datafield tag="024" ind2=" " ind1="8">
<subfield code="a">0038-1101</subfield>
</datafield>
<datafield tag="024" ind2=" " ind1="8">
<subfield code="a">https://uvadoc.uva.es/handle/10324/48633</subfield>
</datafield>
<datafield tag="024" ind2=" " ind1="8">
<subfield code="a">10.1016/j.sse.2021.108085</subfield>
</datafield>
<datafield tag="024" ind2=" " ind1="8">
<subfield code="a">108085</subfield>
</datafield>
<datafield tag="024" ind2=" " ind1="8">
<subfield code="a">Solid-State Electronics</subfield>
</datafield>
<datafield tag="024" ind2=" " ind1="8">
<subfield code="a">183</subfield>
</datafield>
<datafield tag="245" ind1="0" ind2="0">
<subfield code="a">Effective control of filament efficiency by means of spacer HfAlOx layers and growth temperature in HfO2 based ReRAM devices</subfield>
</datafield>
</record></metadata></record></GetRecord></OAI-PMH>